MARC details
| 000 -CABECERA |
| campo de control de longitud fija |
00984nam a2200289 i 4500 |
| 001 - NÚMERO DE CONTROL |
| campo de control |
000047266 |
| 003 - IDENTIFICADOR DEL NÚMERO DE CONTROL |
| campo de control |
DO-SdBNP |
| 005 - FECHA Y HORA DE LA ÚLTIMA TRANSACCIÓN |
| campo de control |
20231026111508.0 |
| 007 - CAMPO FIJO DE DESCRIPCIÓN FÍSICA--INFORMACIÓN GENERAL |
| campo de control de longitud fija |
ta |
| 008 - DATOS DE LONGITUD FIJA--INFORMACIÓN GENERAL |
| campo de control de longitud fija |
150724s1999 dr ab 000 0 spa d |
| 020 ## - NÚMERO INTERNACIONAL ESTÁNDAR DEL LIBRO |
| Número Internacional Estándar del Libro |
9789945195033 (v.1) |
| 020 ## - NÚMERO INTERNACIONAL ESTÁNDAR DEL LIBRO |
| Número Internacional Estándar del Libro |
978994519071(v.2) |
| 040 ## - FUENTE DE LA CATALOGACIÓN |
| Centro catalogador/agencia de origen |
DO-SdBNP |
| Lengua de catalogación |
spa |
| Centro/agencia transcriptor |
BNPHU |
| Normas de descripción |
rda |
| 082 #4 - NÚMERO DE LA CLASIFICACIÓN DECIMAL DEWEY |
| Número de edición |
22 |
| 100 1# - ENTRADA PRINCIPAL--NOMBRE DE PERSONA |
| Nombre de persona |
Nuñez, Paula |
| 9 (RLIN) |
74972 |
| Término indicativo de función/relación |
autora |
| 245 10 - MENCIÓN DE TÍTULO |
| Título |
Educación inicial 3 años : |
| Resto del título |
vesión cursiva / |
| Mención de responsabilidad, etc. |
Paula Núñez, Elizabeth Martínez ; ilustración, Ruddy Núñez ; editora, Claudia Libre. |
| 264 ## - PRODUCCIÓN, PUBLICACIÓN, DISTRIBUCIÓN, FABRICACIÓN Y COPYRIGHT |
| Producción, publicación, distribución, fabricación y copyright |
Santo Domingo : |
| Nombre del de productor, editor, distribuidor, fabricante |
santillana, |
| Fecha de producción, publicación, distribución, fabricación o copyright |
1999. |
| 300 ## - DESCRIPCIÓN FÍSICA |
| Extensión |
volumen: |
| Otras características físicas |
ilustraciones ; |
| Dimensiones |
28 cm. + |
| Material acompañante/anejo |
CD-ROM |
| 490 ## - MENCIÓN DE SERIE |
| Mención de serie |
Proyecto Quiero |
| 505 0# - NOTA DE CONTENIDO CON FORMATO |
| Nota de contenido con formato |
v. 1 -- |
| Título |
Libro de texto -- |
| Información miscelánea |
v. 2 -- |
| Título |
Guía de recursos didácticos |
| 590 ## - NOTA LOCAL (RLIN) |
| Nota local |
Inventariado, 2018/VM |
| 700 1# - PUNTO DE ACCESO ADICIONAL--NOMBRE DE PERSONA |
| Nombre de persona |
Martínez, Elizabeth |
| 9 (RLIN) |
74973 |
| 700 1# - PUNTO DE ACCESO ADICIONAL--NOMBRE DE PERSONA |
| Nombre de persona |
Núñez, Ruddy, |
| Término indicativo de función/relación |
ilustraciones |
| 9 (RLIN) |
23171 |
| 700 1# - PUNTO DE ACCESO ADICIONAL--NOMBRE DE PERSONA |
| Nombre de persona |
Libre, Claudia, |
| Término indicativo de función/relación |
editora |
| 9 (RLIN) |
30469 |
| 910 ## - DATOS DE OPCIÓN DEL USUARIO (OCLC) |
| Datos de opción del usuario |
V/M |
| 942 ## - ELEMENTOS DE PUNTO DE ACCESO ADICIONAL (KOHA) |
| Fuente del sistema de clasificación o colocación |
Dewey Decimal Classification |
| Tipo de ítem Koha |
Libro |